| 000 | 00448nam a2200169Ia 4500 | ||
|---|---|---|---|
| 001 | 29924 | ||
| 003 | IN-NITTTR | ||
| 005 | 20251114233406.0 | ||
| 008 | 251113s9999||||xx |||||||||||||| ||eng|| | ||
| 040 | _beng | ||
| 040 | _cIN-NITTTR | ||
| 041 | _aeng | ||
| 082 | _a001.4 S39I | ||
| 100 | _aSilverman, David | ||
| 245 | 0 |
_aInterpreting qualitative data : _b a guide to the principles of qualitative research / _cSilverman, David |
|
| 942 |
_2ddc _cBK |
||
| 999 |
_c32552 _d32552 |
||